[Event "Saint John op-1"]
[Site "Saint John CAN"]
[Date "1988.??.??"]
[Round "?"]
[White "Ilic, Zoran S"]
[Black "Karason, Askell"]
[Result "1-0"]
[WhiteElo "2360"]
[BlackElo "2235"]
[PlyCount "75"]
[GameId "2160767912587177"]
[EventDate "1988.01.24"]
[EventType "swiss"]
[EventRounds "9"]
[EventCountry "CAN"]
[SourceTitle "CBM 006"]
[Source "ChessBase"]
[SourceDate "2004.01.01"]
[SourceVersion "1"]
[SourceVersionDate "2004.01.01"]
[SourceQuality "1"]

1. Nf3 c5 2. c4 g6 3. d4 cxd4 4. Nxd4 Bg7 5. e4 Nc6 6. Be3 Nf6 7. Nc3 Ng4 8. Qxg4 Nxd4 9. Qd1 Ne6 10. Rc1 Qa5 11. Qd2 b6 12. Bd3 Bb7 13. f3 g5 14. O-O h5 15. Bb1 Qe5 16. b3 h4 17. Rfd1 d6 18. Nd5 Bf6 19. b4 Kf8 20. h3 Kg7 21. Nxf6 Qxf6 22. Qf2 Rac8 23. Kh1 Qe5 24. Rd5 Qg3 25. Qb2+ f6 26. Bf2 Bxd5 27. Bxg3 Bxc4 28. Bf2 Nf4 29. Kh2 Bf7 30. Be3 Ne6 31. Bd3 a5 32. Bc4 axb4 33. Bxe6 Bxe6 34. Rxc8 Rxc8 35. Bxg5 Ra8 36. Bxh4 Rxa2 37. Qxb4 Rc2 38. Qxb6 1-0

[Event "Saint John op-1"]
[Site "Saint John CAN"]
[Date "1988.??.??"]
[Round "?"]
[White "Inkiov, Ventzislav"]
[Black "Day, Lawrence"]
[Result "1-0"]
[WhiteElo "2490"]
[BlackElo "2375"]
[PlyCount "141"]
[GameId "2160767912587180"]
[EventDate "1988.01.24"]
[EventType "swiss"]
[EventRounds "9"]
[EventCountry "CAN"]
[SourceTitle "CBM 006"]
[Source "ChessBase"]
[SourceDate "2004.01.01"]
[SourceVersion "1"]
[SourceVersionDate "2004.01.01"]
[SourceQuality "1"]

1. d4 Nf6 2. c4 d6 3. Nc3 Nbd7 4. Nf3 c6 5. g3 e5 6. Bg2 Be7 7. e4 O-O 8. O-O a6 9. Qc2 b5 10. c5 dxc5 11. dxe5 Ng4 12. Rd1 Qc7 13. Nd5 cxd5 14. exd5 Bd8 15. Bf4 Qb6 16. d6 Ra7 17. Qf5 Ndxe5 18. Qxc8 Nd7 19. Re1 g5 20. Nxg5 Bxg5 21. Re8 Bd8 22. Rxf8+ Kxf8 23. h3 Ngf6 24. Bh6+ Kg8 25. Re1 Qb8 26. Qxb8 Nxb8 27. Re5 Kh8 28. Rxc5 Rd7 29. Rc8 Rxd6 30. Rxb8 Ng8 31. Be3 Bf6 32. b3 Rd1+ 33. Kh2 Ra1 34. Bd5 Kg7 35. b4 Ne7 36. Bb3 Nf5 37. Bc5 Nd4 38. Bf8+ Kg6 39. Bd5 Ne6 40. Bc5 Nxc5 41. bxc5 Rc1 42. c6 Bd4 43. Kg2 f5 44. f4 Rc5 45. g4 h5 46. g5 Be3 47. Kf3 Rc3 48. Rg8+ Kh7 49. h4 Bc1+ 50. Ke2 Bxf4 51. Rd8 Re3+ 52. Kd1 Re7 53. Rd7 Rxd7 54. cxd7 Bc7 55. Bf7 b4 56. Bxh5 a5 57. Kc2 Kg7 58. Bd1 Kf7 59. h5 Bd8 60. g6+ Kg7 61. Kd3 Kh6 62. Kc4 Kg7 63. Kd5 f4 64. Kc6 Kh6 65. Kb7 Kg7 66. Kc8 Be7 67. d8=Q Bxd8 68. Kxd8 Kh6 69. Ke7 Kg7 70. Kd6 Kh6 71. Kc5 1-0

[Event "Saint John op-1"]
[Site "Saint John CAN"]
[Date "1988.??.??"]
[Round "?"]
[White "Inkiov, Ventzislav"]
[Black "Lputian, Smbat G"]
[Result "0-1"]
[WhiteElo "2490"]
[BlackElo "2555"]
[PlyCount "86"]
[GameId "2160767912587181"]
[EventDate "1988.01.24"]
[EventType "swiss"]
[EventRounds "9"]
[EventCountry "CAN"]
[SourceTitle "CBM 006"]
[Source "ChessBase"]
[SourceDate "2004.01.01"]
[SourceVersion "1"]
[SourceVersionDate "2004.01.01"]
[SourceQuality "1"]

1. d4 Nf6 2. c4 g6 3. Nc3 d5 4. Bf4 Bg7 5. e3 O-O 6. Nf3 c5 7. dxc5 Qa5 8. Rc1 dxc4 9. Bxc4 Qxc5 10. Nb5 Be6 11. Nc7 Bxc4 12. b3 Qa5+ 13. Qd2 Qxd2+ 14. Nxd2 Bd3 15. Nxa8 Nd5 16. Nc7 Rc8 17. Nf3 Nxf4 18. exf4 Bb2 19. Kd2 Bxc1+ 20. Rxc1 Be4 21. Nb5 Rxc1 22. Kxc1 Bxf3 23. gxf3 Nc6 24. Kd2 Kg7 25. Ke3 Kh6 26. Nc3 Kh5 27. Ne2 Kh4 28. Ng1 b6 29. a4 a6 30. Kd3 e6 31. Kc4 Ne7 32. a5 bxa5 33. Kc5 Nd5 34. Kc6 Nc3 35. Kb6 a4 36. bxa4 Nxa4+ 37. Kxa6 Nc5+ 38. Kb5 Nd3 39. Kc6 Nxf4 40. Kd6 f6 41. Ke7 Kg5 42. Kf7 h5 43. h4+ Kf5 0-1

[Event "Saint John op-1"]
[Site "Saint John CAN"]
[Date "1988.??.??"]
[Round "?"]
[White "Inkiov, Ventzislav"]
[Black "Piasetski, Leon"]
[Result "1-0"]
[WhiteElo "2490"]
[BlackElo "2390"]
[PlyCount "107"]
[GameId "2160767912587182"]
[EventDate "1988.01.24"]
[EventType "swiss"]
[EventRounds "9"]
[EventCountry "CAN"]
[SourceTitle "CBM 006"]
[Source "ChessBase"]
[SourceDate "2004.01.01"]
[SourceVersion "1"]
[SourceVersionDate "2004.01.01"]
[SourceQuality "1"]

1. d4 Nf6 2. c4 d6 3. Nc3 Bf5 4. Nf3 g6 5. Bg5 Bg7 6. e3 O-O 7. Bd3 Bxd3 8. Qxd3 h6 9. Bh4 g5 10. Bg3 Nh5 11. O-O-O e6 12. h3 f5 13. Bh2 Qd7 14. e4 Nc6 15. Qe2 fxe4 16. Qxe4 Qf7 17. Rhe1 Rae8 18. Kb1 Nf6 19. Qe2 Qg6+ 20. Qc2 Qxc2+ 21. Kxc2 Nh5 22. Nb5 Re7 23. d5 exd5 24. Rxe7 Nxe7 25. Nxc7 Rc8 26. Bxd6 dxc4 27. Ne6 Nc6 28. Nxg7 Nxg7 29. Ne5 b5 30. Rd5 Ne6 31. Nxc6 Rxc6 32. Be5 a6 33. g3 Kf7 34. Kc3 Nc5 35. Bd4 Nd3 36. a3 Ke6 37. Rd8 Kf5 38. Rf8+ Ke4 39. f3+ Kd5 40. Rf5+ Ke6 41. Rf6+ Kd5 42. Rxc6 Kxc6 43. Bg7 Ne1 44. f4 gxf4 45. gxf4 Kd5 46. Bxh6 a5 47. h4 Nd3 48. h5 b4+ 49. axb4 axb4+ 50. Kc2 Ke6 51. Bg7 Nxf4 52. h6 Ng6 53. h7 Kd5 54. Bf8 1-0

[Event "Saint John op-1"]
[Site "Saint John CAN"]
[Date "1988.??.??"]
[Round "?"]
[White "Ivanovic, Bozidar"]
[Black "Inkiov, Ventzislav"]
[Result "1/2-1/2"]
[WhiteElo "2530"]
[BlackElo "2490"]
[PlyCount "26"]
[GameId "2160767912587195"]
[EventDate "1988.01.24"]
[EventType "swiss"]
[EventRounds "9"]
[EventCountry "CAN"]
[SourceTitle "CBM 006"]
[Source "ChessBase"]
[SourceDate "2004.01.01"]
[SourceVersion "1"]
[SourceVersionDate "2004.01.01"]
[SourceQuality "1"]

1. e4 e5 2. Nf3 Nc6 3. Bc4 Nf6 4. d3 Bc5 5. c3 d6 6. b4 Bb6 7. a4 a6 8. Nbd2 O-O 9. O-O Ne7 10. Bb3 Ng6 11. Nc4 Ba7 12. Be3 Be6 13. a5 Bxc4 1/2-1/2

[Event "Saint John op-1"]
[Site "Saint John CAN"]
[Date "1988.??.??"]
[Round "?"]
[White "Ivanovic, Bozidar"]
[Black "Tolnai, Tibor"]
[Result "1-0"]
[WhiteElo "2530"]
[BlackElo "2465"]
[PlyCount "75"]
[GameId "2160767912587198"]
[EventDate "1988.01.24"]
[EventType "swiss"]
[EventRounds "9"]
[EventCountry "CAN"]
[SourceTitle "CBM 06"]

1. e4 c5 2. Nf3 d6 3. d4 cxd4 4. Nxd4 Nf6 5. Nc3 g6 6. Bc4 Bg7 7. f3 Nc6 8. Be3 O-O 9. Qd2 Bd7 10. h4 Ne5 11. Bb3 Rc8 12. h5 Nxh5 13. O-O-O Nc4 14. Bxc4 Rxc4 15. Nde2 Qa5 16. Bh6 Bxh6 17. Qxh6 Rfc8 18. Rd5 R8c5 19. g4 Nf6 20. g5 Nh5 21. Rxc5 Rxc5 22. Nf4 Rxg5 23. Ncd5 Rxd5 24. Nxd5 Qd8 25. Qg5 f6 26. Qg1 Kf7 27. Qxa7 Bc6 28. Nb4 Qc8 29. Qe3 Bd7 30. Qh6 Kg8 31. Nd5 Qf8 32. Qxf8+ Kxf8 33. c4 e6 34. Nb6 Bc6 35. b4 f5 36. b5 Be8 37. exf5 exf5 38. a4 1-0

[Event "Saint John op-1"]
[Site "Saint John CAN"]
[Date "1988.??.??"]
[Round "?"]
[White "Ivanovic, Bozidar"]
[Black "Velikov, Petar"]
[Result "1-0"]
[WhiteElo "2530"]
[BlackElo "2475"]
[PlyCount "91"]
[GameId "2160767912587199"]
[EventDate "1988.01.24"]
[EventType "swiss"]
[EventRounds "9"]
[EventCountry "CAN"]
[SourceTitle "CBM 06"]

1. e4 c5 2. Nf3 e6 3. d4 cxd4 4. Nxd4 a6 5. Bd3 Bc5 6. Nb3 Ba7 7. Qe2 Nc6 8. Be3 Bxe3 9. Qxe3 Nf6 10. Nc3 d6 11. O-O-O O-O 12. f4 Qc7 13. g4 Nxg4 14. Qg3 Nf6 15. Rhg1 Ne8 16. Qh4 Qe7 17. Rg5 f6 18. Rg3 f5 19. Rg5 Nb4 20. Nd4 Nf6 21. e5 dxe5 22. fxe5 Nfd5 23. Nxd5 Nxd5 24. Rdg1 Kh8 25. c4 Nb4 26. Rxf5 Nxd3+ 27. Kc2 Qb4 28. Rxf8+ Qxf8 29. Rf1 Qe8 30. Kxd3 Bd7 31. Qf4 Kg8 32. b3 Qe7 33. Kc2 b5 34. cxb5 axb5 35. Kb1 Be8 36. Ka1 h6 37. Rg1 Kh8 38. Qg4 Bd7 39. Qg2 Rf8 40. Qg3 Rf7 41. Re1 Qf8 42. Kb2 Rf2+ 43. Re2 Rf1 44. Qe3 Be8 45. Qg3 Qc5 46. Qxg7+ 1-0

[Event "Saint John op-1"]
[Site "Saint John CAN"]
[Date "1988.??.??"]
[Round "?"]
[White "Karason, Askell"]
[Black "Henao, Raul Fernando"]
[Result "1/2-1/2"]
[WhiteElo "2235"]
[BlackElo "2345"]
[PlyCount "29"]
[GameId "2160767912587200"]
[EventDate "1988.01.24"]
[EventType "swiss"]
[EventRounds "9"]
[EventCountry "CAN"]
[SourceTitle "CBM 006"]
[Source "ChessBase"]
[SourceDate "2004.01.01"]
[SourceVersion "1"]
[SourceVersionDate "2004.01.01"]
[SourceQuality "1"]

1. d4 g6 2. e4 Bg7 3. Nf3 c5 4. c4 cxd4 5. Nxd4 Nc6 6. Be3 Nf6 7. Nc3 O-O 8. Be2 d6 9. O-O Nxd4 10. Bxd4 Bd7 11. Qd2 Bc6 12. f3 a5 13. Rac1 a4 14. Rfd1 Nd7 15. Be3 1/2-1/2

[Event "Saint John op-1"]
[Site "Saint John CAN"]
[Date "1988.??.??"]
[Round "?"]
[White "Karason, Askell"]
[Black "Nogueiras, Jesus"]
[Result "1/2-1/2"]
[WhiteElo "2235"]
[BlackElo "2560"]
[PlyCount "59"]
[GameId "2160767912587201"]
[EventDate "1988.01.24"]
[EventType "swiss"]
[EventRounds "9"]
[EventCountry "CAN"]
[SourceTitle "CBM 006"]
[Source "ChessBase"]
[SourceDate "2004.01.01"]
[SourceVersion "1"]
[SourceVersionDate "2004.01.01"]
[SourceQuality "1"]

1. d4 Nf6 2. c4 e6 3. Nc3 Bb4 4. e3 b6 5. Bd3 Bb7 6. f3 c5 7. Nge2 cxd4 8. exd4 d5 9. Bg5 dxc4 10. Bxc4 O-O 11. O-O Nc6 12. a3 Be7 13. Qd3 Rc8 14. Rfd1 Na5 15. Ba2 Nd5 16. Bxe7 Qxe7 17. b4 Nxc3 18. Nxc3 Nc6 19. d5 Ne5 20. Qe3 exd5 21. Bxd5 Rfe8 22. Ne4 Nc4 23. Qf4 Bxd5 24. Rxd5 Rcd8 25. Rad1 Rxd5 26. Rxd5 h6 27. Rd3 a5 28. bxa5 bxa5 29. h4 Rd8 30. Nf6+ 1/2-1/2

[Event "Saint John op-1"]
[Site "Saint John CAN"]
[Date "1988.??.??"]
[Round "?"]
[White "Karason, Askell"]
[Black "Taylor, Gordon"]
[Result "1/2-1/2"]
[WhiteElo "2235"]
[BlackElo "2335"]
[PlyCount "25"]
[GameId "2160767912587202"]
[EventDate "1988.01.24"]
[EventType "swiss"]
[EventRounds "9"]
[EventCountry "CAN"]
[SourceTitle "CBM 006"]
[Source "ChessBase"]
[SourceDate "2004.01.01"]
[SourceVersion "1"]
[SourceVersionDate "2004.01.01"]
[SourceQuality "1"]

1. d4 Nf6 2. c4 e6 3. Nf3 b6 4. Nc3 d5 5. cxd5 exd5 6. Bg5 Be7 7. e3 O-O 8. Bd3 Bb7 9. Ne5 Nbd7 10. f4 Ne4 11. Bxe7 Qxe7 12. O-O f6 13. Nxd7 1/2-1/2

[Event "Saint John op-1"]
[Site "Saint John CAN"]
[Date "1988.??.??"]
[Round "?"]
[White "Kopec, Danny"]
[Black "Damljanovic, Branko"]
[Result "0-1"]
[WhiteElo "2405"]
[BlackElo "2525"]
[PlyCount "66"]
[GameId "2160767912587203"]
[EventDate "1988.01.24"]
[EventType "swiss"]
[EventRounds "9"]
[EventCountry "CAN"]
[SourceTitle "CBM 06"]

1. e4 c5 2. Nf3 Nc6 3. Bd3 g6 4. c3 Bg7 5. Bc2 e5 6. O-O Nge7 7. d3 O-O 8. Be3 d6 9. h3 h6 10. Qd2 Kh7 11. d4 exd4 12. cxd4 Qb6 13. Rd1 Qxb2 14. Nc3 Nb4 15. Rac1 Nec6 16. e5 Nxc2 17. Rxc2 Qa3 18. Nb5 Qa4 19. Nxd6 cxd4 20. Bf4 Qa6 21. Bxh6 Bxh6 22. Ng5+ Kg8 23. Qf4 Nxe5 24. Qxe5 Bxg5 25. Ne8 f6 26. Qe7 Rf7 27. Qd8 Bf5 28. Qxa8 Bxc2 29. Rxd4 Rf8 30. Qd8 Qe6 31. Qc7 Rxe8 32. Qxc2 Qe1+ 33. Kh2 Qe5+ 0-1

[Event "Saint John op-1"]
[Site "Saint John CAN"]
[Date "1988.??.??"]
[Round "?"]
[White "Kopec, Danny"]
[Black "Dlugy, Maxim"]
[Result "1/2-1/2"]
[WhiteElo "2405"]
[BlackElo "2550"]
[PlyCount "91"]
[GameId "2160767912587204"]
[EventDate "1988.01.24"]
[EventType "swiss"]
[EventRounds "9"]
[EventCountry "CAN"]
[SourceTitle "CBM 06"]

1. e4 c5 2. Nf3 Nc6 3. Bd3 g6 4. c3 Bg7 5. O-O d5 6. exd5 Qxd5 7. Qe2 Nf6 8. Bc4 Qd8 9. d3 O-O 10. Re1 b6 11. Bg5 Bb7 12. Nbd2 Qd7 13. Rad1 Rae8 14. a4 h6 15. Bh4 Nh5 16. Qe3 e5 17. Ne4 Kh8 18. Nf6 Nxf6 19. Bxf6 Kh7 20. Bxg7 Kxg7 21. Bb5 f6 22. a5 Qd6 23. axb6 axb6 24. Nd2 Rd8 25. h4 h5 26. Ne4 Qc7 27. Rf1 Ne7 28. g3 Nd5 29. Qe1 Qe7 30. f3 f5 31. Ng5 f4 32. Rd2 Ne3 33. Re2 Qd6 34. Rxe3 fxe3 35. Qxe3 Rf5 36. Re1 Rdf8 37. Bc4 Bd5 38. Bxd5 Qxd5 39. f4 exf4 40. gxf4 Kh8 41. Qe7 Qg8 42. Re4 R5f6 43. Qc7 Rc8 44. Qb7 Rb8 45. Qc7 Rc8 46. Qb7 1/2-1/2

[Event "Saint John op-1"]
[Site "Saint John CAN"]
[Date "1988.??.??"]
[Round "?"]
[White "Kopec, Danny"]
[Black "Kuczynski, Robert"]
[Result "1-0"]
[WhiteElo "2405"]
[BlackElo "2485"]
[PlyCount "69"]
[GameId "2160767912587205"]
[EventDate "1988.01.24"]
[EventType "swiss"]
[EventRounds "9"]
[EventCountry "CAN"]
[SourceTitle "CBM 06"]

1. d4 d5 2. Nf3 Nf6 3. Bg5 Nbd7 4. Nbd2 g6 5. e3 Bg7 6. Bd3 O-O 7. O-O h6 8. Bh4 b6 9. a4 c5 10. c3 Bb7 11. Ne5 Nxe5 12. dxe5 Ne4 13. f4 Qc7 14. Nxe4 dxe4 15. Bc4 Kh7 16. Qb3 f5 17. exf6 exf6 18. f5 g5 19. Bg3 Qc6 20. Bb5 Qd5 21. Qxd5 Bxd5 22. c4 Bb7 23. Bd7 h5 24. Rfd1 Bh6 25. Be6 Rfd8 26. Bd7 Rf8 27. a5 Ba6 28. Bc6 Rac8 29. Rd7+ Kh8 30. Bd5 h4 31. Bd6 Rcd8 32. Rxd8 Rxd8 33. Be7 Rxd5 34. cxd5 b5 35. Bxc5 1-0

[Event "Saint John op-1"]
[Site "Saint John CAN"]
[Date "1988.??.??"]
[Round "?"]
[White "Kopec, Danny"]
[Black "Zapata, Alonso"]
[Result "0-1"]
[WhiteElo "2405"]
[BlackElo "2500"]
[PlyCount "80"]
[GameId "2160767912587206"]
[EventDate "1988.01.24"]
[EventType "swiss"]
[EventRounds "9"]
[EventCountry "CAN"]
[SourceTitle "CBM 06"]

1. d4 Nf6 2. Nf3 g6 3. g3 Bg7 4. Bg2 O-O 5. O-O d6 6. c4 Nc6 7. Nc3 a6 8. d5 Na5 9. b3 Bd7 10. Bb2 Rb8 11. Nd4 c5 12. dxc6 bxc6 13. Rb1 c5 14. Nc2 Ne8 15. Qd2 f5 16. Ne3 e6 17. Ba1 Bc6 18. Rbd1 Qc7 19. Rfe1 Rd8 20. Bd5 Qc8 21. Na4 exd5 22. Bxg7 Nxg7 23. Nb6 Qb7 24. Qxa5 d4 25. Ned5 Rde8 26. e3 Ne6 27. f4 Kf7 28. exd4 Nxd4 29. Kf2 Re4 30. Rxe4 fxe4 31. Ne3 Re8 32. b4 Qe7 33. Qxa6 Qe6 34. g4 Qf6 35. Kg3 Ne2+ 36. Kg2 Nxf4+ 37. Kh1 Qc3 38. Rf1 Qxe3 39. Nc8 Qd2 40. Rxf4+ Qxf4 0-1

[Event "Saint John op-1"]
[Site "Saint John CAN"]
[Date "1988.??.??"]
[Round "?"]
[White "Kristensen, Bjarke"]
[Black "Borkowski, Franciszek"]
[Result "1-0"]
[WhiteElo "2300"]
[BlackElo "2415"]
[PlyCount "93"]
[GameId "2160767912587207"]
[EventDate "1988.01.24"]
[EventType "swiss"]
[EventRounds "9"]
[EventCountry "CAN"]
[SourceTitle "CBM 06"]

1. d4 Nf6 2. c4 c5 3. e3 g6 4. Nc3 Bg7 5. Nf3 O-O 6. Be2 d6 7. O-O Nc6 8. b3 b6 9. Bb2 Bb7 10. Rc1 e6 11. Rc2 cxd4 12. Nxd4 Nxd4 13. Qxd4 d5 14. Bf3 Ne4 15. Qd1 Nxc3 16. Bxc3 Bxc3 17. Rxc3 Qf6 18. Qc2 Rac8 19. Rc1 Rfd8 20. h3 d4 21. exd4 Bxf3 22. Rxf3 Qxd4 23. Rc3 Qf4 24. Rd1 e5 25. Rcd3 Rxd3 26. Qxd3 e4 27. Qd7 Ra8 28. Qe7 Rf8 29. g3 Qf5 30. h4 Qa5 31. Qxe4 Qxa2 32. Qf3 h5 33. Rd7 a5 34. Ra7 Qb2 35. Kg2 Kg7 36. Rb7 Qb1 37. Rxb6 a4 38. Qf6+ Kg8 39. bxa4 Qe4+ 40. Kh2 Qxc4 41. a5 Qa2 42. a6 Ra8 43. Rb7 Qd5 44. Qb6 Kg7 45. a7 g5 46. Qb2+ Kg6 47. Rb5 1-0

[Event "Saint John op-1"]
[Site "Saint John CAN"]
[Date "1988.??.??"]
[Round "?"]
[White "Kristensen, Bjarke"]
[Black "Popovic, Petar"]
[Result "1/2-1/2"]
[WhiteElo "2300"]
[BlackElo "2570"]
[PlyCount "61"]
[GameId "2160767912587208"]
[EventDate "1988.01.24"]
[EventType "swiss"]
[EventRounds "9"]
[EventCountry "CAN"]
[SourceTitle "CBM 06"]

1. d4 Nf6 2. c4 e6 3. Nc3 Bb4 4. e3 b6 5. Nge2 Bb7 6. a3 Bd6 7. Qd3 c5 8. e4 cxd4 9. Nxd4 O-O 10. Ndb5 Be5 11. f4 Bxc3+ 12. Nxc3 Nc6 13. e5 Ne8 14. Ne4 Qh4+ 15. Qg3 Qe7 16. Bd3 f5 17. exf6 Nxf6 18. Bd2 Nxe4 19. Bxe4 d5 20. Bd3 Ba6 21. Qh3 h6 22. O-O Bxc4 23. Bxc4 dxc4 24. Rae1 Qc5+ 25. Kh1 Qf5 26. Qe3 Rad8 27. Bc3 Rfe8 28. Qf3 Nd4 29. Qb7 Qf7 30. Qe4 Nb5 31. Qxc4 1/2-1/2

[Event "Saint John op-1"]
[Site "Saint John CAN"]
[Date "1988.??.??"]
[Round "?"]
[White "Kristensen, Bjarke"]
[Black "Saidy, Anthony"]
[Result "1-0"]
[WhiteElo "2300"]
[BlackElo "2415"]
[PlyCount "117"]
[GameId "2160767912587209"]
[EventDate "1988.01.24"]
[EventType "swiss"]
[EventRounds "9"]
[EventCountry "CAN"]
[SourceTitle "CBM 06"]

1. e4 c5 2. Nf3 d6 3. d4 cxd4 4. Nxd4 Nf6 5. Nc3 Nc6 6. Nxc6 bxc6 7. Be2 g6 8. Bf4 Qc7 9. Qd2 Bg7 10. Bh6 O-O 11. h4 Bxh6 12. Qxh6 Qa5 13. h5 g5 14. O-O-O Be6 15. f4 gxf4 16. Qxf4 Nd7 17. Qh4 f6 18. h6 Kh8 19. Rd3 Rg8 20. Qf2 Qg5+ 21. Rd2 Qxg2 22. Qxg2 Rxg2 23. Bb5 Rxd2 24. Bxc6 Rxc2+ 25. Kxc2 Rg8 26. Bxd7 Bxd7 27. Nd5 Bc6 28. Kc3 Bxd5 29. exd5 Rg5 30. Kd4 Kg8 31. b4 Rg4+ 32. Kc3 Kf7 33. a4 Ke8 34. a5 Kd7 35. Rb1 Rg5 36. Kc4 Rh5 37. Kb5 Kc7 38. Ka6 Kb8 39. Rg1 Rg5 40. Re1 Re5 41. Rd1 Rh5 42. b5 Re5 43. b6 axb6 44. Kxb6 Re2 45. Rg1 Kc8 46. Rg7 Rb2+ 47. Ka6 Kd7 48. Rxh7 f5 49. Rf7 Rh2 50. h7 f4 51. Kb7 f3 52. a6 Ke8 53. Rxf3 Rxh7 54. a7 e6+ 55. Kb6 Rxa7 56. Kxa7 exd5 57. Kb6 Kd7 58. Rd3 Ke6 59. Kc6 1-0

[Event "Saint John op-1"]
[Site "Saint John CAN"]
[Date "1988.??.??"]
[Round "?"]
[White "Kristensen, Bjarke"]
[Black "Velikov, Petar"]
[Result "0-1"]
[WhiteElo "2300"]
[BlackElo "2475"]
[PlyCount "86"]
[GameId "2160767912587210"]
[EventDate "1988.01.24"]
[EventType "swiss"]
[EventRounds "9"]
[EventCountry "CAN"]
[SourceTitle "CBM 06"]

1. e4 c5 2. Nf3 e6 3. d4 cxd4 4. Nxd4 a6 5. Nc3 Qc7 6. g3 Nf6 7. Bg2 d6 8. O-O Be7 9. a4 O-O 10. Kh1 Nc6 11. f4 Nxd4 12. Qxd4 e5 13. Qd3 exf4 14. gxf4 Be6 15. b3 Bd7 16. Bb2 Bc6 17. Qg3 Nh5 18. Qh3 Nf6 19. Rae1 Nd7 20. e5 dxe5 21. fxe5 Nxe5 22. Nd5 Bxd5 23. Bxd5 Bd6 24. c4 Rae8 25. Qg2 Re7 26. Re4 b6 27. h4 Kh8 28. h5 f5 29. Qg5 h6 30. Qd2 Ree8 31. Ref4 Qe7 32. Rg1 Rf6 33. Rgf1 Rff8 34. Bd4 Qg5 35. R4f2 Ng4 36. Qxg5 Nxf2+ 37. Rxf2 hxg5 38. h6 Re1+ 39. Kg2 Be5 40. hxg7+ Kxg7 41. Bxb6 g4 42. Ba5 Rb1 43. Re2 Bd4 0-1

[Event "Saint John op-1"]
[Site "Saint John CAN"]
[Date "1988.??.??"]
[Round "?"]
[White "Kuczynski, Robert"]
[Black "Minaya, Juan"]
[Result "1-0"]
[WhiteElo "2485"]
[BlackElo "2305"]
[PlyCount "109"]
[GameId "2160767912587213"]
[EventDate "1988.01.24"]
[EventType "swiss"]
[EventRounds "9"]
[EventCountry "CAN"]
[SourceTitle "CBM 006"]
[Source "ChessBase"]
[SourceDate "2004.01.01"]
[SourceVersion "1"]
[SourceVersionDate "2004.01.01"]
[SourceQuality "1"]

1. e4 e5 2. Nf3 Nc6 3. Bc4 Bc5 4. c3 Qe7 5. O-O d6 6. d3 Nf6 7. b4 Bb6 8. Nbd2 O-O 9. Bb3 a5 10. b5 Nd8 11. Nc4 Ne6 12. h3 Bd7 13. a4 Bc5 14. Bc2 Rfd8 15. d4 exd4 16. Nxd4 Be8 17. Nf5 Qf8 18. Qf3 c6 19. Rb1 d5 20. exd5 Rxd5 21. Nce3 Rdd8 22. Ng4 Nxg4 23. Qxg4 Be7 24. Qe4 g6 25. Bh6 gxf5 26. Bxf8 fxe4 27. Bxe7 Rd7 28. Bf6 Nc5 29. bxc6 bxc6 30. Rfe1 Rd2 31. Bxe4 Nxa4 32. Re3 Rd6 33. Bd4 f6 34. Bc2 Bg6 35. Rg3 c5 36. Bxf6 Rxf6 37. Bxa4 Kf8 38. Ra1 Rb8 39. Bd1 Rb2 40. Rf3 Rxf3 41. Bxf3 Rb1+ 42. Rxb1 Bxb1 43. Bd1 Bd3 44. Ba4 Ke7 45. f4 Kd6 46. Kf2 Kd5 47. g4 Ke4 48. f5 Ke5 49. Kg3 Bb1 50. Kh4 Ba2 51. Kg5 c4 52. Bc6 Bb3 53. f6 Kd6 54. Kh6 a4 55. f7 1-0

[Event "Saint John op-1"]
[Site "Saint John CAN"]
[Date "1988.??.??"]
[Round "?"]
[White "Kuczynski, Robert"]
[Black "Russek Libni, Guil"]
[Result "1-0"]
[WhiteElo "2485"]
[BlackElo "2305"]
[PlyCount "103"]
[GameId "2160767912587214"]
[EventDate "1988.01.24"]
[EventType "swiss"]
[EventRounds "9"]
[EventCountry "CAN"]
[SourceTitle "CBM 006"]
[Source "ChessBase"]
[SourceDate "2004.01.01"]
[SourceVersion "1"]
[SourceVersionDate "2004.01.01"]
[SourceQuality "1"]

1. e4 e6 2. d4 d5 3. Nc3 Nc6 4. Nf3 Nf6 5. e5 Ne4 6. Ne2 f6 7. exf6 Nxf6 8. Nf4 Bd6 9. Bb5 O-O 10. Bxc6 bxc6 11. Nd3 Ne4 12. O-O Ba6 13. Be3 Rb8 14. Re1 Rf5 15. Nfe5 Qe8 16. f3 Bxd3 17. Nxd3 Ng5 18. Bxg5 Rxg5 19. Qe2 Rg6 20. f4 Qf8 21. Qe3 Qf5 22. Rf1 Rf8 23. Rae1 Rh6 24. g3 Rhf6 25. Rf2 Kh8 26. Qd2 Qh3 27. Re3 h6 28. Qe2 Kh7 29. b4 Kh8 30. c3 Kh7 31. a4 a5 32. bxa5 Ra8 33. Ne5 Rxa5 34. Nxc6 Ra8 35. a5 Qf5 36. Qb2 Rff8 37. Re1 Qd3 38. Ra1 Ra6 39. Nb4 Bxb4 40. Qxb4 Rfa8 41. Qc5 Rb8 42. Qxc7 Rb3 43. f5 Rxc3 44. Qe5 Qe3 45. Qxe3 Rxe3 46. fxe6 Kg6 47. Rb2 Kf6 48. Kf2 Rd3 49. Ke1 Ke7 50. Rb7+ Ke8 51. Rc1 Ra8 52. Rxg7 1-0

[Event "Saint John op-1"]
[Site "Saint John CAN"]
[Date "1988.??.??"]
[Round "?"]
[White "La Rota, Fabio"]
[Black "Toshkov, Tihomir"]
[Result "0-1"]
[WhiteElo "2295"]
[BlackElo "2395"]
[PlyCount "98"]
[GameId "2160767912587217"]
[EventDate "1988.01.24"]
[EventType "swiss"]
[EventRounds "9"]
[EventCountry "CAN"]
[SourceTitle "CBM 06"]

1. e4 c5 2. Nc3 e6 3. g3 d5 4. Bg2 Nf6 5. d3 Be7 6. Nh3 dxe4 7. Nxe4 Nxe4 8. Bxe4 Nc6 9. O-O O-O 10. Nf4 Qd6 11. Re1 g6 12. h4 f5 13. Bh1 Bf6 14. Ng2 Rf7 15. Ne3 Ne5 16. f4 Nc6 17. Nc4 Qc7 18. a4 Bd7 19. Bxc6 Bxc6 20. Ne5 Rg7 21. Qe2 Re8 22. b3 h6 23. Kf2 g5 24. h5 Qd6 25. Rg1 Qd4+ 26. Be3 Bxe5 27. fxe5 Qxe5 28. Rae1 Rf7 29. Bd2 Qd5 30. c4 Qd4+ 31. Qe3 Qg4 32. Re2 e5 33. Qxc5 Qf3+ 34. Ke1 Qxd3 35. Rxe5 Rxe5+ 36. Qxe5 Qxb3 37. Bc3 Qb1+ 38. Kf2 Qc2+ 39. Ke3 Qe4+ 40. Qxe4 fxe4 41. Be5 Rf3+ 42. Kd4 Rd3+ 43. Kc5 e3 44. Re1 Bf3 45. a5 e2 46. a6 b6+ 47. Kb5 Kf7 48. Kb4 Ke6 49. Bc3 Kf5 0-1

[Event "Saint John op-1"]
[Site "Saint John CAN"]
[Date "1988.??.??"]
[Round "?"]
[White "Lalic, Bogdan"]
[Black "Ross, Dave"]
[Result "1-0"]
[WhiteElo "2495"]
[BlackElo "2325"]
[PlyCount "70"]
[GameId "2160767912587221"]
[EventDate "1988.01.24"]
[EventType "swiss"]
[EventRounds "9"]
[EventCountry "CAN"]
[SourceTitle "CBM 006"]
[Source "ChessBase"]
[SourceDate "2004.01.01"]
[SourceVersion "1"]
[SourceVersionDate "2004.01.01"]
[SourceQuality "1"]

1. d4 d5 2. Nf3 e6 3. c4 c5 4. e3 Nf6 5. Nc3 Nc6 6. a3 a6 7. dxc5 Bxc5 8. b4 Ba7 9. Bb2 O-O 10. Qc2 Qe7 11. Rd1 dxc4 12. Bxc4 b5 13. Bd3 Bb7 14. Ne4 Nxe4 15. Bxe4 Rac8 16. Bxh7+ Kh8 17. Qb1 f5 18. Bg6 a5 19. bxa5 b4 20. O-O Ba6 21. Rfe1 bxa3 22. Bc3 Rb8 23. Qc1 Rb5 24. g3 Rxa5 25. Bxa5 Nxa5 26. Ne5 Bb8 27. Qc3 Nb7 28. Nc6 Qc7 29. Qxa3 Rf6 30. Nxb8 Bc4 31. Rd7 Qxb8 32. Qe7 Rxg6 33. Rxb7 Qa8 34. Reb1 Kh7 35. Qh4+ Rh6 1-0